Fundermentals of Game Design. (Record no. 5128)

MARC details
000 -LEADER
fixed length control field 00528nam a22002057a 4500
003 - CONTROL NUMBER IDENTIFIER
control field OSt
005 - DATE AND TIME OF LATEST TRANSACTION
control field 20160831183942.0
008 - FIXED-LENGTH DATA ELEMENTS--GENERAL INFORMATION
fixed length control field 160831b xxu||||| |||| 00| 0 eng d
020 ## - INTERNATIONAL STANDARD BOOK NUMBER
International Standard Book Number 9780321643377
020 ## - INTERNATIONAL STANDARD BOOK NUMBER
International Standard Book Number 0321643372
040 ## - CATALOGING SOURCE
Transcribing agency DDC.
082 ## - DEWEY DECIMAL CLASSIFICATION NUMBER
Classification number 794.8ADA 2010.
100 ## - MAIN ENTRY--PERSONAL NAME
Personal name Adams, Ernest.
9 (RLIN) 10971
245 ## - TITLE STATEMENT
Title Fundermentals of Game Design.
250 ## - EDITION STATEMENT
Edition statement 2nd ed.
260 ## - PUBLICATION, DISTRIBUTION, ETC. (IMPRINT)
Place of publication, distribution, etc. Berkery,
Name of publisher, distributor, etc. New Rider,
Date of publication, distribution, etc. 2010.
504 ## - BIBLIOGRAPHY, ETC. NOTE
Bibliography, etc references and index are included.
650 ## - SUBJECT ADDED ENTRY--TOPICAL TERM
Topical term or geographic name as entry element Game design.
9 (RLIN) 10972
942 ## - ADDED ENTRY ELEMENTS (KOHA)
Source of classification or shelving scheme Dewey Decimal Classification
Koha item type Open Shelf
Holdings
Withdrawn status Lost status Source of classification or shelving scheme Damaged status Not for loan Home library Current library Date acquired Source of acquisition Inventory number Total Checkouts Full call number Barcode Date last seen Price effective from Koha item type
    Dewey Decimal Classification     MUST Main Library MUST Main Library 31/08/2016   11/33346   794.8ADA 2010. 2016-3964 31/08/2016 31/08/2016 Open Shelf